CUET (UG) 2025 English (Record no. 213472)

MARC details
000 -LEADER
fixed length control field 00658nam a22001937a 4500
005 - DATE AND TIME OF LATEST TRANSACTION
control field 20250926114019.0
010 ## - LCCN (DPL NO)
LC control number ENG-146867
020 ## - INTERNATIONAL STANDARD BOOK NUMBER
International Standard Book Number 9789364689984
Terms of availability 399.00
035 ## - SYSTEM CONTROL NUMBER
System control number EN-130399
037 ## - SOURCE OF ACQUISITION
Source of stock number/acquisition DBAD
082 ## - DEWEY DECIMAL CLASSIFICATION NUMBER
Edition number 1
Classification number 000
245 ## - TITLE STATEMENT
Title CUET (UG) 2025 English
250 ## - EDITION STATEMENT
Edition statement 1
260 ## - PUBLICATION, DISTRIBUTION, ETC. (IMPRINT)
Place of publication, distribution, etc Uttar Pradesh
Name of publisher, distributor, etc S. Chand Publishing
Date of publication, distribution, etc 2025
270 ## - ADDRESS
Address D-92, Sector-2, Noida
City Uttar Pradesh
Postal code 201301
Telephone number 61-120-4682700
300 ## - PHYSICAL DESCRIPTION
Extent 317p.
Dimensions 27cm(pb)
500 ## - GENERAL NOTE
General note 1000+ Chapterwise Solved MCQ | CUET 2024 Papers with Solutions | Mock Tests | Delhi University, JNU, BHU, Other Universities & Govt. Exams
942 ## - ADDED ENTRY ELEMENTS (KOHA)
Source of classification or shelving scheme Dewey Decimal Classification
Item type English Books
Classification part 000
Call number suffix CUE
Holdings
Withdrawn status Lost status Not for loan Collection code Home library Current library Date acquired Source of acquisition Cost, normal purchase price Full call number Barcode Copy number Cost, replacement price Koha item type
      Non-fiction Central Library Central Library 26/09/2025 Delivery of Books Act Division 399.00 000 CUE EN-130399 1 399.00 English Books

© Delhi Public Library
Hit Counter
free hit counter